000 00412nam a22001337a 4500
008 230621b xxu||||| |||| 00| 0 eng d
082 _a328.4
_bSOC
100 _cR.W. Perceval and C.A.S.S. Gordon
245 _aThe Table
_bThe Journal of the Society of Clerks-at-the-table in Commonwealth Parliaments
260 _aLondon
_bButterworth & Co. Ltd
_c1956
300 _a208p
440 _vvolume 24
942 _2ddc
_cBK
999 _c2187
_d2187